| 000 | 00791nam a22002177a 4500 | ||
|---|---|---|---|
| 999 |
_c20384 _d20384 |
||
| 003 | AR-CdUCM | ||
| 008 | 190529b ||||| |||| 00| 0 spa d | ||
| 040 |
_aMUNICIPALIDAD PROVINCIAL DEL CUSCO _cBIBLIOTECA MUNICIPAL DEL CUSCO |
||
| 041 | _heng | ||
| 082 |
_a595.7 / _bP84 |
||
| 100 |
_aPratt, Harry D; Littig, Kent S. y Barnes, Ralph C. _942631 |
||
| 245 |
_aMosquitos importantes para la salud publica : _bComo combatirlos / |
||
| 260 |
_aMexico: _bAID, _c1973. |
||
| 300 |
_a81 páginas ; _c26 cm. _bGráficos. |
||
| 505 | _aContenido: Efectos sobre la salud humana -- Características generales y ciclo vital -- Hábitos del mosquito adulto... | ||
| 650 |
_aMosquito _942632 |
||
| 650 |
_aLarva _942633 |
||
| 650 |
_aInsectos _921313 |
||
| 942 |
_2ddc _cLIBROS |
||
| 945 | _aJavier | ||